An introduction to banking : (Record no. 20946)
[ view plain ]
| 000 -LEADER | |
|---|---|
| fixed length control field | 01305cam a22003495a 4500 |
| 001 - CONTROL NUMBER | |
| control field | 16866201 |
| 005 - DATE AND TIME OF LATEST TRANSACTION | |
| control field | 20151026123625.0 |
| 008 - FIXED-LENGTH DATA ELEMENTS--GENERAL INFORMATION | |
| fixed length control field | 110712r20132011enka frb 001 0 eng d |
| 010 ## - LIBRARY OF CONGRESS CONTROL NUMBER | |
| LC control number | 2011290091 |
| 020 ## - INTERNATIONAL STANDARD BOOK NUMBER | |
| International Standard Book Number | 9780470687253 (pbk.) |
| 035 ## - SYSTEM CONTROL NUMBER | |
| System control number | (OCoLC)ocn656770663 |
| 040 ## - CATALOGING SOURCE | |
| Original cataloging agency | UKM |
| Language of cataloging | eng |
| Transcribing agency | UKM |
| Modifying agency | YDXCP |
| -- | BWX |
| -- | MIA |
| -- | CDX |
| -- | DLC |
| -- | EG-ScBUE |
| 082 04 - DEWEY DECIMAL CLASSIFICATION NUMBER | |
| Classification number | 332.1 |
| Item number | CHO |
| Edition number | 22 |
| 100 1# - MAIN ENTRY--PERSONAL NAME | |
| Personal name | Choudhry, Moorad. |
| 9 (RLIN) | 38547 |
| 245 13 - TITLE STATEMENT | |
| Title | An introduction to banking : |
| Remainder of title | liquidity risk and asset-liability management / |
| Statement of responsibility, etc | Moorad Choudhry ; foreword by Oldrich Masek. |
| 250 ## - EDITION STATEMENT | |
| Edition statement | 1st ed., Reprinted ed. |
| 260 ## - PUBLICATION, DISTRIBUTION, ETC. (IMPRINT) | |
| Place of publication, distribution, etc | Chichester : |
| Name of publisher, distributor, etc | John Wiley & Sons Ltd., |
| Date of publication, distribution, etc | 2013. |
| 300 ## - PHYSICAL DESCRIPTION | |
| Extent | xxi, 357 p. : |
| Other physical details | ill. ; |
| Dimensions | 23 cm. |
| 500 ## - GENERAL NOTE | |
| General note | Published in association with Chartered Institute for Securities & Investment. |
| 500 ## - GENERAL NOTE | |
| General note | Index : p. 343-357. |
| 500 ## - GENERAL NOTE | |
| General note | Reprint of the 2011 ed. |
| 504 ## - BIBLIOGRAPHY, ETC. NOTE | |
| Bibliography, etc | Includes bibliographical references. |
| 650 #0 - SUBJECT ADDED ENTRY--TOPICAL TERM | |
| Topical term or geographic name as entry element | Banks and banking. |
| Source of heading or term | BUEsh |
| 650 #0 - SUBJECT ADDED ENTRY--TOPICAL TERM | |
| Topical term or geographic name as entry element | Bank liquidity |
| General subdivision | Management. |
| Source of heading or term | BUEsh |
| 650 #0 - SUBJECT ADDED ENTRY--TOPICAL TERM | |
| Topical term or geographic name as entry element | Asset-liability management. |
| Source of heading or term | BUEsh |
| 651 ## - SUBJECT ADDED ENTRY--GEOGRAPHIC NAME | |
| Source of heading or term | BUEsh |
| 653 ## - INDEX TERM--UNCONTROLLED | |
| Resource For college | BAEPS, Business Administration |
| Arrived date list | October2015 |
| 655 ## - INDEX TERM--GENRE/FORM | |
| Form subdivision | Text book |
| -- | 33728 |
| 700 1# - ADDED ENTRY--PERSONAL NAME | |
| Personal name | Masek, Oldrich, |
| Relator term | author of introduction, etc. |
| 710 2# - ADDED ENTRY--CORPORATE NAME | |
| Corporate name or jurisdiction name as entry element | Chartered Institute for Securities & Investment. |
| 942 ## - ADDED ENTRY ELEMENTS (KOHA) | |
| Source of classification or shelving scheme | Dewey Decimal Classification |
| Call number prefix | 332.1 CHO |
| Withdrawn status | Item status | Source of classification or shelving scheme | Damaged status | Not for loan | Vendor | Home library | Current library | Shelving location | Date acquired | Source of acquisition | Total Checkouts | Full call number | Barcode | Date last seen | Koha item type | Total Renewals | Date last borrowed |
|---|---|---|---|---|---|---|---|---|---|---|---|---|---|---|---|---|---|
| Dewey Decimal Classification | Baccah | Central Library | Central Library | First floor | 22/10/2015 | Purchase | 332.1 CHO | 000031036 | 15/07/2025 | NB - Book (Non borrowing) | |||||||
| Dewey Decimal Classification | Baccah | Central Library | Central Library | First floor | 22/10/2015 | Purchase | 11 | 332.1 CHO | 000031037 | 15/07/2025 | Book - Borrowing | 30 | 22/10/2017 | ||||
| Dewey Decimal Classification | Baccah | Central Library | Central Library | First floor | 22/10/2015 | Purchase | 6 | 332.1 CHO | 000031038 | 15/07/2025 | Book - Borrowing | 13 | 28/09/2016 | ||||
| Dewey Decimal Classification | Baccah | Central Library | Central Library | First floor | 22/10/2015 | Purchase | 2 | 332.1 CHO | 000031039 | 15/07/2025 | Book - Borrowing | 27 | 13/10/2016 | ||||
| Dewey Decimal Classification | Baccah | Central Library | Central Library | First floor | 26/10/2015 | Purchase | 4 | 332.1 CHO | 000031163 | 15/07/2025 | Book - Borrowing | 34 | 25/10/2016 | ||||
| Dewey Decimal Classification | Baccah | Central Library | Central Library | First floor | 26/10/2015 | Purchase | 8 | 332.1 CHO | 000031162 | 15/07/2025 | Book - Borrowing | 25 | 29/10/2019 | ||||
| Dewey Decimal Classification | Baccah | Central Library | Central Library | First floor | 26/10/2015 | Purchase | 5 | 332.1 CHO | 000031161 | 15/07/2025 | Book - Borrowing | 22 | 08/01/2017 | ||||
| Dewey Decimal Classification | Baccah | Central Library | Central Library | First floor | 26/10/2015 | Purchase | 4 | 332.1 CHO | 000031160 | 15/07/2025 | Book - Borrowing | 35 | 22/04/2018 | ||||
| Dewey Decimal Classification | Baccah | Central Library | Central Library | First floor | 26/10/2015 | Purchase | 4 | 332.1 CHO | 000031159 | 15/07/2025 | Book - Borrowing | 18 | 12/12/2016 | ||||
| Dewey Decimal Classification | Baccah | Central Library | Central Library | First floor | 26/10/2015 | Purchase | 2 | 332.1 CHO | 000031158 | 15/07/2025 | Book - Borrowing | 3 | 28/09/2016 |